Library Banner

Momery (Record no. 31095)

MARC details
000 -LEADER
fixed length control field 00526nam a2200205Ia 4500
001 - CONTROL NUMBER
control field 30973
008 - FIXED-LENGTH DATA ELEMENTS--GENERAL INFORMATION
fixed length control field 140416s9999 xx 000 0 und d
020 ## - INTERNATIONAL STANDARD BOOK NUMBER
International Standard Book Number 0-335-19079-0
040 ## - CATALOGING SOURCE
Transcribing agency PK-LaUMT
082 ## - DEWEY DECIMAL CLASSIFICATION NUMBER
Classification number 153.12
Item number COH-M
100 ## - MAIN ENTRY--PERSONAL NAME
Personal name Cohen, Gillian
245 ## - TITLE STATEMENT
Title Momery
Remainder of title current issues
Statement of responsibility, etc Cohen, Gillian<>George Kiss<>Martin Le Voi
250 ## - EDITION STATEMENT
Edition statement 2nd
260 ## - PUBLICATION, DISTRIBUTION, ETC. (IMPRINT)
Place of publication, distribution, etc Buckingham,UK:
Name of publisher, distributor, etc Open University Press,
Date of publication, distribution, etc 1993
300 ## - PHYSICAL DESCRIPTION
Extent 192 p.
546 ## - LANGUAGE NOTE
Language note EN
700 ## - ADDED ENTRY--PERSONAL NAME
Personal name George Kiss
700 ## - ADDED ENTRY--PERSONAL NAME
Personal name Martin Le Voi
942 ## - ADDED ENTRY ELEMENTS (KOHA)
Koha item type Books
Holdings
Withdrawn status Lost status Damaged status Not for loan Home library Current library Date acquired Total Checkouts Full call number Barcode Date last seen Date checked out Price effective from Koha item type
        UMT Main Campus UMT Main Campus 2014-04-16 3 153.12 COH-M 38217 2024-05-10 2024-04-29 2014-05-03 Books